000 00279nam a22001217a 4500
008 180620b xxu||||| |||| 00| 0 eng d
041 _aeng
080 _a34
100 _a14
101 _aSHJ
245 _aBuletini i praktikës gjyqësore 2017
_cCavdarbasha,A
942 _2udc
_cBK
999 _c46620
_d46620